|
|
|
|
| LEADER |
00888nam a22002417a 4500 |
| 001 |
35948 |
| 003 |
BD-DhAAL |
| 005 |
20211206111140.0 |
| 008 |
191231r20042001si a|||| |||| 00| 0 eng d |
| 999 |
|
|
|c 42111
|d 42111
|
| 020 |
|
|
|a 9812351612
|
| 040 |
|
|
|a BD-DhAAL
|
| 082 |
|
|
|a 510
|2 23
|
| 100 |
|
|
|a Fong, Ng Swee
|9 35272
|
| 245 |
|
|
|a Mathematics in action.
|n 1B, part 1, Workbook /
|c Ng Swee Fong
|
| 260 |
|
|
|a Singapore :
|b Longman,
|c c2001 [reprinted 2004]
|
| 300 |
|
|
|a 92 pages :
|b illustrations ;
|c 26 cm
|
| 526 |
|
|
|a BIED
|
| 541 |
|
|
|a Complimentary copy from BIED
|e 35948
|
| 650 |
|
|
|a Mathematics.
|9 35273
|
| 852 |
|
|
|a Ayesha Abed Library
|c BIED Collection
|
| 942 |
|
|
|2 ddc
|c BK
|
| 952 |
|
|
|0 0
|1 0
|2 ddc
|4 0
|6 510_000000000000000_FON
|7 0
|9 67620
|a BRACUL
|b BRACUL
|c GEN
|d 2019-12-31
|e Complimentary copy from BIED
|l 0
|o 510 FON
|p 3010035948
|r 2019-12-31
|t 1
|w 2019-12-31
|y BK
|x Transferred from BIED to General Stacks
|